Panduan mencerdaskan minda : bagaimana memelihara kecergasan dan kecerdasan minda kita

Bibliographic Details
Main Author: Siti Nor Bahyah Mahamood
Corporate Author: Title
Other Authors: Jaafar Salleh
Format: Book
Published: Kuala Lumpur : Al-Ameen Serve Holdings , 2005
Subjects:

MARC

LEADER 00000cam a2200000 7i4500
001 0000012040
005 20180605.0
008 071123
020 |a 9789834244873 
020 |a 9834244878 
090 0 0 |a 153.42   |b SIT 
100 1 |a Siti Nor Bahyah Mahamood 
245 1 0 |a Panduan mencerdaskan minda :   |b bagaimana memelihara kecergasan dan kecerdasan minda kita   |c Siti Nor Bahyah Mahamood, Jaafar Salleh 
260 |a Kuala Lumpur :   |b Al-Ameen Serve Holdings ,   |c 2005 
650 0 |a Child rearing   |x Religious aspects   |x Islam 
650 0 |a Intellect   |x Religious aspects   |x Islam 
650 0 |a Malay fiction 
650 0 |a Thought and thinking   |x Religious aspects   |x Islam 
700 1 |a Jaafar Salleh 
710 0 |a Title 
999 |a 0000939987   |b Book   |c Adult Collection   |e Cawangan Taman Sri Lambak 
999 |a 0001004050   |b Book   |c Adult Collection   |e Perbadanan Perpustakaan Awam Johor 
999 |a 0001004051   |b Book   |c Adult Collection   |e Cawangan AEON Kulaijaya 
999 |a 0001004052   |b Book   |c Adult Collection   |e Perbadanan Perpustakaan Awam Johor 
999 |a 0001004053   |b Book   |c Adult Collection   |e Perbadanan Perpustakaan Awam Johor 
999 |a 0001026328   |b Book   |c Adult Collection   |e Cawangan Mersing